Things are never that simple (Record no. 80808)

MARC details
000 -LEADER
fixed length control field 01452cab a22003015a 4500
001 - CONTROL NUMBER
control field L145424
008 - FIXED-LENGTH DATA ELEMENTS--GENERAL INFORMATION
fixed length control field 081007e20081004xxka f 000 0 eng d
035 ## - SYSTEM CONTROL NUMBER
System control number (Sirsi) u145424
041 0# - LANGUAGE CODE
Language code of text/sound track or separate title eng
100 1# - MAIN ENTRY--PERSONAL NAME
Personal name Cooke, Howard
245 00 - TITLE STATEMENT
Title Things are never that simple
260 ## - PUBLICATION, DISTRIBUTION, ETC.
Date of publication, distribution, etc. 2008
490 ## - SERIES STATEMENT
Series statement Estates Gazette
Volume/sequential designation (0839) 4 October 2008, 122-123(2)
520 ## - SUMMARY, ETC.
Summary, etc. This mainly for students article looks at creating a strategy for tenants seeking to exit a lease making use of a break clause, stating that these can be difficult to take advantage of, especially in cases where use of the clause is subject to conditions. Discusses break notice and payment; associated works and financial statements and the yielding up of vacant possession. The authors also provide various legislative examples to highlight the importance of sticking to the terms of break clauses.
590 ## - LOCAL NOTE (RLIN)
Local note KA
650 24 - SUBJECT ADDED ENTRY--TOPICAL TERM
Topical term or geographic name entry element APPORTIONMENT ACT 1870
650 24 - SUBJECT ADDED ENTRY--TOPICAL TERM
Topical term or geographic name entry element BAIRSTOW EVES (SECURITIES) LTD V RIPLEY
650 24 - SUBJECT ADDED ENTRY--TOPICAL TERM
Topical term or geographic name entry element ELLIS V ROWBOTHAM
650 24 - SUBJECT ADDED ENTRY--TOPICAL TERM
Topical term or geographic name entry element JOHN LAING CONSTRUCTION LTD V AMBER PASS LTD
650 24 - SUBJECT ADDED ENTRY--TOPICAL TERM
Topical term or geographic name entry element LAW OF PROPERTY ACT 1925 S196(4)
650 24 - SUBJECT ADDED ENTRY--TOPICAL TERM
Topical term or geographic name entry element LEGAL AND GENERAL ASSURANCE SOCIETY LTD V EXPEDITORS INTERNATIONAL (UK) LTD
650 24 - SUBJECT ADDED ENTRY--TOPICAL TERM
Topical term or geographic name entry element OSBORNE ASSETS LTD V BRITANNIA LIFE LTD
650 24 - SUBJECT ADDED ENTRY--TOPICAL TERM
Topical term or geographic name entry element WEST COUNTRY CLEANERS (FALMOUTH) LTD V SALY
651 #4 - SUBJECT ADDED ENTRY--GEOGRAPHIC NAME
Geographic name United Kingdom
Chronological subdivision
690 ## - LOCAL SUBJECT ADDED ENTRY--TOPICAL TERM (OCLC, RLIN)
Topical term or geographic name as entry element LANDLORD AND TENANT-LEASES
700 1# - ADDED ENTRY--PERSONAL NAME
Personal name Woodhead, Simon
942 ## - ADDED ENTRY ELEMENTS (KOHA)
Suppress in OPAC 0
Holdings
Withdrawn status Lost status Source of classification or shelving scheme Damaged status Not for loan Home library Current library Shelving location Date acquired Total Checkouts Full call number Barcode Date last seen Copy number Price effective from Koha item type
    Dewey Decimal Classification     London London Journal article 07/10/2008   L145424 145424-1001 06/08/2019 1 06/08/2019 Journal article